000 00328nam a22001457a 4500
003 SGT
020 _a9788175343733
082 _a346,SIN
100 _aSINGH, AVTAR
245 _aA TEXBOOK ON THE TRANSFER OF PROPERTY ACT
260 _aNEW DELHI
_bUNIVERSAL
_c2006
300 _a412
650 _aPRIVATE LAW
942 _2ddc
_cBK
999 _c10287
_d10287